Omodejovci proti kráľovi o pamätnej bitke pri Rozhanovciach

Podrobná bibliografia
Hlavný autor: Lukačka, Ján, 1952- (Autor)
Médium: Článok
Jazyk:slovenčina
Fyzický popis:Fotogr.
ISBN:8070906219
Predmet:

MARC

LEADER 00000nab a2200000 ar4500
001 vtls009092889
003 SK-MaSNL
005 20260304234554.0
008 070910c2002 xo |r|p|||||||000 b|slo
015 |a SNBRB2007/09  |2 snkbucl 
038 |a SNKBUCL 
040 |a SNKBUCL  |b slo  |c SNKBUCL  |e AACR2 
041 0 |a slo 
044 |a xo  |c SK 
080 |a 94(437.6)"13"  |2 1997 
080 |a 94(439.2)"13"  |2 1997 
100 1 |a Lukačka, Ján,  |d 1952-  |4 aut  |9 102667 
245 1 0 |a Omodejovci proti kráľovi  |b o pamätnej bitke pri Rozhanovciach  |c Ján Lukačka 
300 |b Fotogr. 
648 7 |a 1312  |2 SNK  |9 1112136 
650 0 7 |a bitka pri Rozhanovciach (1312 : Rozhanovce, Slovensko)  |2 snkbucl  |9 224053 
651 7 |a Slovensko  |x dejiny  |2 snkbucl  |9 13278 
651 7 |a Uhorsko  |x dejiny  |2 snkbucl  |9 56334 
773 0 |t Národný kalendár 2002  |d Martin : Matica slovenská, 2002  |g S. 54-55  |z 8070906219 
852 |a SNK  |b KIS3GCP 
958 |a SK 
999 |c 3204584  |d 3206514